000 00456nam a22001337a 4500
999 _c526062
_d526062
020 _a9788194901631
082 _aA99 B469\Sa19
100 _aSahoo, Harischandra
_944881
245 _aThe philosophy of Bhima Bhoi & Mahima Dharma
_cedited by Harischandra Sahoo
260 _aOdisha
_bKalinga Institute of Social Sciences
_c2020
300 _a209p.
650 _aBhoi, Bhima, 1852-1895
_944882
650 _aBhoi, Bhima, 1852-1895 - Philosophy - Hinduism
_944883